Library Banner

Pahar jesay gunnah (Urdu) (Record no. 17354)

MARC details
000 -LEADER
fixed length control field 00406nam a2200157Ia 4500
001 - CONTROL NUMBER
control field 16917
008 - FIXED-LENGTH DATA ELEMENTS--GENERAL INFORMATION
fixed length control field 140404s9999 xx 000 0 und d
040 ## - CATALOGING SOURCE
Transcribing agency PK-LaUMT
082 ## - DEWEY DECIMAL CLASSIFICATION NUMBER
Classification number 297
Item number ZAH-P
100 ## - MAIN ENTRY--PERSONAL NAME
Personal name Hafiz Shamsuddin Zahbi
245 ## - TITLE STATEMENT
Title Pahar jesay gunnah (Urdu)
Statement of responsibility, etc Hafiz Shamsuddin Zahbi
260 ## - PUBLICATION, DISTRIBUTION, ETC. (IMPRINT)
Place of publication, distribution, etc Lahore,Pakistan:
Name of publisher, distributor, etc Noor-e-Islam Academy,
Date of publication, distribution, etc 1998
300 ## - PHYSICAL DESCRIPTION
Extent 79 p.
546 ## - LANGUAGE NOTE
Language note EN
942 ## - ADDED ENTRY ELEMENTS (KOHA)
Koha item type Books
Holdings
Withdrawn status Lost status Damaged status Not for loan Home library Current library Date acquired Total Checkouts Full call number Barcode Date last seen Date checked out Price effective from Koha item type
        UMT Main Campus UMT Main Campus 2014-04-04 2 297 ZAH-P 17400 2018-12-10 2018-11-27 2014-04-22 Books